[Event "AUT-chT2O 9697"]
[Site "Austria"]
[Date "1997.??.??"]
[Round "?"]
[White "Braun, Walter"]
[Black "Imhof, Gernot"]
[Result "1/2-1/2"]
[WhiteElo "2255"]
[BlackElo "2050"]
[PlyCount "28"]
[EventDate "1996.??.??"]
[EventType "team"]
[EventRounds "11"]
[EventCountry "AUT"]
[SourceTitle "EXT 1998"]
[Source "ChessBase"]
[SourceDate "1997.11.17"]
[SourceVersion "1"]
[SourceVersionDate "1997.11.17"]
[SourceQuality "1"]

1. f4 g6 2. Nf3 Bg7 3. d3 c5 4. e4 Nc6 5. Be2 d6 6. 0-0 Nf6 7. c3 0-0 8. a3 Rb8 9. b4 b6 10. b5 Na5 11. Qc2 Bb7 12. Nbd2 Rc8 13. Re1 Nh5 14. Nf1 c4 1/2-1/2

[Event "AUT-chT qual"]
[Site "Vienna"]
[Date "1997.??.??"]
[Round "1"]
[White "Pilz, Dieter"]
[Black "Braun, Walter"]
[Result "1-0"]
[WhiteElo "2240"]
[BlackElo "2245"]
[PlyCount "63"]
[EventDate "1997.??.??"]
[EventType "team"]
[EventRounds "3"]
[EventCountry "AUT"]
[SourceTitle "EXT 1999"]
[Source "ChessBase"]
[SourceDate "1998.11.16"]
[SourceVersion "1"]
[SourceVersionDate "1998.11.16"]
[SourceQuality "1"]

1. e4 Nf6 2. e5 Nd5 3. d4 d6 4. Bc4 Nb6 5. Bb3 dxe5 6. Qh5 e6 7. dxe5 c5 8. Qe2 Nc6 9. Nf3 Be7 10. 0-0 g5 11. Rd1 Bd7 12. Bxe6 fxe6 13. Nxg5 0-0 14. Nxe6 Bxe6 15. Rxd8 Raxd8 16. Be3 Nc4 17. Nc3 Nxe3 18. fxe3 Nxe5 19. h3 Kh8 20. b3 Bxh3 21. Qh5 Bf5 22. Rf1 Ng4 23. Rxf5 Nxe3 24. Rf7 Rxf7 25. Qxf7 Bg5 26. Ne4 Ng4 27. g3 Rd1+ 28. Kg2 Ne3+ 29. Kh2 Nf1+ 30. Kh3 h6 31. Nxg5 hxg5 32. Qh5+ 1-0

[Event "AUT-chT qual"]
[Site "Vienna"]
[Date "1997.??.??"]
[Round "2"]
[White "Schwab, Rene"]
[Black "Braun, Walter"]
[Result "0-1"]
[WhiteElo "2280"]
[BlackElo "2245"]
[PlyCount "86"]
[EventDate "1997.??.??"]
[EventType "team"]
[EventRounds "3"]
[EventCountry "AUT"]
[SourceTitle "EXT 1999"]
[Source "ChessBase"]
[SourceDate "1998.11.16"]
[SourceVersion "1"]
[SourceVersionDate "1998.11.16"]
[SourceQuality "1"]

1. e4 Nf6 2. Nc3 d5 3. d3 dxe4 4. Nxe4 Nxe4 5. dxe4 Qxd1+ 6. Kxd1 e5 7. Be3 Be6 8. Nf3 f6 9. Bb5+ Nd7 10. Nd2 c6 11. Bc4 Kf7 12. Bxe6+ Kxe6 13. Nb3 b6 14. a4 Be7 15. Ke2 g6 16. Rhd1 f5 17. exf5+ gxf5 18. f4 Rhg8 19. Kf1 c5 20. fxe5 Nxe5 21. Re1 Kf6 22. Bf2 Rg4 23. a5 Rd8 24. axb6 axb6 25. Ra6 Rd6 26. h3 Rf4 27. Kg1 Re4 28. Raa1 Nc4 29. Rxe4 fxe4 30. Be1 Ke6 31. Bg3 Rd5 32. Re1 e3 33. Nc1 Bg5 34. Nd3 Kf5 35. Rf1+ Ke6 36. h4 e2 37. Re1 Be3+ 38. Nf2 Bxf2+ 39. Kxf2 Nxb2 40. Rxe2+ Kf5 41. Bc7 b5 42. Bb6 Nc4 43. Kf3 Nxb6 0-1